| 000 | 00000cas 2200000za 4500 |
| 001 | 9.503163 |
| 003 | CaOODSP |
| 005 | 20260130171418 |
| 007 | cr ||||||||||| |
| 008 | 150406c20049999oncar p o f0 b0fre|d |
| 022 | |a1927-5889 |
| 040 | |aCaOODSP|bfre |
| 043 | |an-cn--- |
| 086 | 1 |aSO1F-PDF |
| 110 | 1 |aCanada. |bGouverneur général. |bBureau du secrétaire. |
| 222 | 0|aRapport annuel |b(Canada. Gouverneur général. Bureau du secrétaire) |
| 245 | 10|aRapport annuel |h[ressource électronique] / |cBureau du secrétaire du gouverneur général du Canada. |
| 260 | |a[Ottawa] : |bGouverneure générale du Canada, |c[2004]- |
| 310 | |aAnnuel |
| 362 | 0 |a2003/2004- |
| 500 | |aPubli. aussi en anglais sous le titre : Annual report / Office of the Secretary to the Governor General of Canada. |
| 520 | 3 |aDécrivent les principales activités du Bureau, ainsi que le coût de la réalisation des programmes. |
| 692 | 07|2gccst|aGouverneur général |
| 775 | 08|tAnnual report |w(CaOODSP)9.506768 |
| 776 | 0#|tRapport annuel ..., Bureau du secrétaire du gouverneur général du Canada |w(CaOODSP)9.512407 |
| 776 | 0#|tRapport annuel / |w(CaOODSP)9.865355 |